Nuclear prolifereration [i.e. proliferation]: (Record no. 3767)

MARC details
000 -LEADER
fixed length control field 01076cam a2200289 4500
001 - CONTROL NUMBER
control field 1814048
003 - CONTROL NUMBER IDENTIFIER
control field OSt
005 - DATE AND TIME OF LATEST TRANSACTION
control field 20230704120013.0
008 - FIXED-LENGTH DATA ELEMENTS--GENERAL INFORMATION
fixed length control field 710106s1970 nyu b 000 0 eng
010 ## - LIBRARY OF CONGRESS CONTROL NUMBER
LC control number 79129079
020 ## - INTERNATIONAL STANDARD BOOK NUMBER
International Standard Book Number 0842400117
040 ## - CATALOGING SOURCE
Original cataloging agency DLC
Transcribing agency DLC
Modifying agency DLC
082 00 - DEWEY DECIMAL CLASSIFICATION NUMBER
Classification number 341.6
Item number BOS
245 00 - TITLE STATEMENT
Title Nuclear prolifereration [i.e. proliferation]:
Remainder of title prospects for control
Statement of responsibility, etc. [by] Bernhard G. Bechhoefer [and others] Edited by Bennett Boskey [and] Mason Willrich.
246 3# - VARYING FORM OF TITLE
Title proper/short title Nuclear proliferation
260 ## - PUBLICATION, DISTRIBUTION, ETC. (IMPRINT)
Place of publication, distribution, etc. New York,
Name of publisher, distributor, etc. Published for the American Society of International Law [by] Dunellen Co.
Date of publication, distribution, etc. [1970]
300 ## - PHYSICAL DESCRIPTION
Extent xvi, 191 p.
Dimensions 23 cm.
490 0# - SERIES STATEMENT
Series statement University Press of Cambridge series in the social sciences
504 ## - BIBLIOGRAPHY, ETC. NOTE
Bibliography, etc Includes bibliographical references.
650 #0 - SUBJECT ADDED ENTRY--TOPICAL TERM
Topical term or geographic name as entry element Nuclear nonproliferation.
700 1# - ADDED ENTRY--PERSONAL NAME
Personal name Bechhoefer, Bernhard G.
700 1# - ADDED ENTRY--PERSONAL NAME
Personal name Boskey, Bennett,
Dates associated with a name 1916-2016,
Relator term ed.
700 1# - ADDED ENTRY--PERSONAL NAME
Personal name Willrich, Mason,
Relator term ed.
710 2# - ADDED ENTRY--CORPORATE NAME
Corporate name or jurisdiction name as entry element American Society of International Law.
906 ## - LOCAL DATA ELEMENT F, LDF (RLIN)
a 7
b cbc
c orignew
d 2
e ncip
f 19
g y-gencatlg
942 ## - ADDED ENTRY ELEMENTS (KOHA)
Source of classification or shelving scheme Dewey Decimal Classification
Koha item type Books
Holdings
Withdrawn status Lost status Source of classification or shelving scheme Damaged status Not for loan Home library Current library Date acquired Total Checkouts Full call number Barcode Date last seen Price effective from Koha item type
    Dewey Decimal Classification     County Hall Archives County Hall Archives 07/04/2023   341.6 BOS 10015897 07/04/2023 07/04/2023 Books
LIBRARY OPENING HOURS

When the Parliament is sitting: 8.00a.m - 7.00p.m or until the house adjourns
Mondays and Fridays and when the House is on Recess:  8.00a.m - 5.00p.m
Closed on Weekends and Public Holidays

Online Public Access Catalog (OPAC)
Website: http://www.parliament.go.ke
Bunge Library: https://libraryir.parliament.go.ke
Contact: library@parliament.go.ke | Tel no: (254-2)2221291 or 2848000 Ext 5043